Políticas públicas en el ámbito de los archivos municipales : jornada técnica : Toledo, 18-19 diciembre 2002 jornada técnica :
Publicado:
[Toledo] :
Junta de Comunidades de Castilla - La Mancha, Consejería de Administraciones Públicas, DL 2003
Descripción Física:
188 p. : il., taules, map. gràf. ; 24 cm
Otros Autores:
Castella-La Manxa. Consejería de Administraciones Públicas
MARC
| LEADER | 00000nam a2200000Ia 4500 | ||
|---|---|---|---|
| 001 | 15272 | ||
| 008 | 160829s9999 xx 000 0 cat d | ||
| 080 | |a A-2-179 | ||
| 245 | |a Políticas públicas en el ámbito de los archivos municipales : |b jornada técnica : |b Toledo, 18-19 diciembre 2002 | ||
| 260 | |a [Toledo] : |b Junta de Comunidades de Castilla - La Mancha, Consejería de Administraciones Públicas, DL 2003 | ||
| 300 | |a 188 p. : |b il., taules, map. gràf. ; |c 24 cm | ||
| 590 | |a Bibliografia | ||
| 650 | |a Arxius municipals |x Política governamental |x Castella-La Manxa |x Congressos |9 30162 | ||
| 650 | |a Arxius municipals |x Castella-La Manxa |x Congressos |9 30163 | ||
| 700 | |a Castella-La Manxa. Consejería de Administraciones Públicas |9 30196 | ||
| 901 | |a Arxiu | ||
| 942 | |n 1 | ||
| 952 | |0 0 |1 0 |4 0 |6 A2179 |7 1 |9 45301 |a Arxiu |b Arxiu |d 2016-12-01 |l 0 |o A-2-179 |p 15272 |r 2016-12-01 00:00:00 |w 2016-12-01 |y ARXIU | ||
| 999 | |c 48375 |d 48375 | ||